00278nam a2200121Ia 4500008004100000041000900041082001700050100001800067245001900085260003600104300000800140650000800148230718s9999 xx 000 0 und d aEng. a34207bALI-T aAli,Ch,Liaqat 4aThe manoor act aPakistanbPunjab law bookc2012 a337 aLaw